000
00309nam a22001457a 4500
008
210604b ||||| |||| 00| 0 eng d
020
_a
9781323671665
041
_a
eng
080
_a
621
082
_a
621
100
_a
26
101
_a
MEK
245
_a
Electrical Engineering
_c
Pearson
942
_2
udc
_c
BK
999
_c
57957
_d
57957